[Event "European Blitz 2015"]
[Site "Minsk BLR"]
[Date "2015.12.18"]
[Round "7.39"]
[White "Shkapenko, Pavel"]
[Black "Martynov, Roman"]
[Result "0-1"]
[WhiteTitle "IM"]
[WhiteElo "2407"]
[BlackElo "2284"]
[WhiteFideId "4151933"]
[BlackFideId "14132044"]
[EventDate "2015.12.18"]
[EventType "swiss (blitz)"]

1. e4 c6 2. d4 d5 3. e5 Bf5 4. h4 Qb6 5. h5 c5 6. dxc5 Qxc5 7. c3 e6 8. g4 Be4
9. Rh3 Bxb1 10. Rxb1 Nc6 11. Be3 Qa5 12. f4 Nh6 13. Rg3 O-O-O 14. Nf3 f6 15. b4
Qc7 16. b5 Na5 17. b6 axb6 18. Bxb6 Qxc3+ 19. Kf2 Bc5+ 20. Kg2 Nc4 21. Bxc5 fxe5
22. Nxe5 Qa5 23. Bd4 Rhf8 24. Bxc4 dxc4 25. Rc3 Qd5+ 26. Kh3 Qxd4 27. Rxc4+ Qxc4
28. Nxc4 Rxd1 29. Rxd1 Rxf4 0-1

[Event "European Blitz 2015"]
[Site "Minsk BLR"]
[Date "2015.12.18"]
[Round "7.40"]
[White "Bodnaruk, Anastasia"]
[Black "Konenkin, Dmitry"]
[Result "0-1"]
[WhiteTitle "IM"]
[BlackTitle "FM"]
[WhiteElo "2456"]
[BlackElo "2243"]
[WhiteFideId "4181751"]
[BlackFideId "4185781"]
[EventDate "2015.12.18"]
[EventType "swiss (blitz)"]

1. e4 d6 2. d4 Nf6 3. Nc3 e5 4. Nf3 Nbd7 5. Bc4 Be7 6. O-O O-O 7. Re1 c6 8. a4
b6 9. b3 a6 10. Bd3 Qc7 11. Bb2 Bb7 12. Ne2 b5 13. Ng3 g6 14. c4 bxc4 15. Bxc4
exd4 16. Qxd4 c5 17. Qd2 Ne5 18. Nxe5 dxe5 19. Qc3 Nd7 20. f4 Bf6 21. f5 Nb6 22.
Bf1 Rad8 23. Rac1 Rc8 24. Ba3 Be7 25. a5 Nd7 26. b4 Qc6 27. bxc5 Bxc5+ 28. Kh1
Qa4 29. Bxc5 Rxc5 30. Qb2 Rxc1 31. Rxc1 Ba8 32. Bxa6 Qxa5 33. Bc4 Kg7 34. Ra1
Qc5 35. Bf1 Nf6 36. Rc1 Qd4 37. Qxd4 exd4 38. e5 Ng4 39. f6+ Kh6 40. Re1 Ne3 41.
Ne2 Nxf1 42. Rxf1 Re8 43. Nxd4 Rxe5 44. h3 Re3 45. Kh2 Rd3 46. Nb5 Rd2 47. Rg1
Kg5 48. Nc7 Bc6 49. Na6 Kxf6 50. Nb4 Bb7 51. Kg3 h5 52. h4 Rd4 53. Nc2 Rg4+ 54.
Kh3 Bc8 55. Kh2 Rxh4+ 56. Kg3 Rg4+ 57. Kf2 Ra4 58. Ne3 Ra2+ 59. Kg3 Bb7 60. Rf1+
Kg7 61. Rf2 Ra3 62. Re2 f5 63. Kf2 Kf6 64. Rb2 Be4 65. Rb6+ Kg5 66. g3 Ra2+ 67.
Kf1 f4 68. gxf4+ Kxf4 69. Nd1 Ra1 70. Rd6 Bf3 71. Rxg6 Rxd1+ 72. Kf2 Rd2+ 73.
Ke1 Ra2 74. Rh6 Bg4 75. Kf1 Kg3 76. Ke1 h4 0-1

[Event "European Blitz 2015"]
[Site "Minsk BLR"]
[Date "2015.12.18"]
[Round "7.41"]
[White "Lojko, Alexej"]
[Black "Belyakov, Bogdan"]
[Result "1-0"]
[BlackTitle "IM"]
[WhiteElo "2214"]
[BlackElo "2511"]
[WhiteFideId "24146200"]
[BlackFideId "24104795"]
[EventDate "2015.12.18"]
[EventType "swiss (blitz)"]

1. d4 Nf6 2. c4 g6 3. Nc3 Bg7 4. e4 O-O 5. h3 d6 6. Be3 e5 7. d5 Nh5 8. Be2 Nf4
9. Bf3 g5 10. g3 Ng6 11. Qd2 h6 12. Bg4 Nd7 13. Nge2 Nf4 14. gxf4 gxf4 15. Nxf4
exf4 16. Bxf4 Ne5 17. Be2 Qh4 18. Bg3 Qf6 19. f4 Ng6 20. O-O-O a6 21. Rhg1 b5
22. e5 dxe5 23. fxe5 Nxe5 24. Ne4 Qf5 1-0

[Event "European Blitz 2015"]
[Site "Minsk BLR"]
[Date "2015.12.18"]
[Round "7.42"]
[White "Loginov, Valery A"]
[Black "Antonov, Alexandr2"]
[Result "1-0"]
[WhiteTitle "GM"]
[WhiteElo "2486"]
[BlackElo "2098"]
[WhiteFideId "4126297"]
[BlackFideId "24124079"]
[EventDate "2015.12.18"]
[EventType "swiss (blitz)"]

1. e4 c5 2. Nf3 d6 3. d4 cxd4 4. Nxd4 Nf6 5. Nc3 Nc6 6. Bg5 e6 7. Qd2 a6 8.
O-O-O Bd7 9. f3 b5 10. g4 Qb6 11. Be3 Qc7 12. g5 Ng8 13. h4 Nge7 14. Bxb5 Nxd4
15. Bxd7+ Qxd7 16. Bxd4 Nc6 17. h5 Nxd4 18. Qxd4 Rc8 19. f4 Qc6 20. f5 Qc4 21.
Qe3 Qc5 22. Qf3 Be7 23. g6 fxg6 24. hxg6 Bf6 25. Rxh7 Rf8 26. Rd3 Qg1+ 27. Qd1
Qg5+ 28. Kb1 Bxc3 29. Rxc3 Rxc3 30. bxc3 Qe7 31. Qd4 Rg8 32. Rh1 exf5 33. Re1
Qe5 34. Qxe5+ dxe5 35. exf5 Ke7 36. Rxe5+ Kf6 37. Ra5 Rc8 38. Kb2 Rc6 39. Kb3
Rb6+ 40. Kc4 Rb2 41. Kd3 Rb6 42. c4 Rc6 43. Kd4 Rd6+ 44. Rd5 Rc6 45. a4 Rb6 46.
a5 Rb2 47. Kc3 Ra2 48. Kb3 Ra1 49. c5 Rxa5 50. c4 Ra1 51. c6 Rb1+ 52. Kc3 Rb8
53. Kd4 Rc8 54. Kc5 a5 55. Kb6 a4 56. Kb7 Re8 57. c7 Re7 58. Ra5 1-0

[Event "European Blitz 2015"]
[Site "Minsk BLR"]
[Date "2015.12.18"]
[Round "7.43"]
[White "Aliyev, Rasim"]
[Black "Popov, Mikhail"]
[Result "1-0"]
[BlackTitle "FM"]
[WhiteElo "2213"]
[BlackElo "2280"]
[WhiteFideId "13401084"]
[BlackFideId "4146182"]
[EventDate "2015.12.18"]
[EventType "swiss (blitz)"]

1. e4 e6 2. d4 d5 3. e5 c5 4. c3 Nc6 5. Nf3 Qb6 6. Bd3 Bd7 7. O-O Nh6 8. dxc5
Bxc5 9. b4 Be7 10. a4 Qc7 11. Re1 Rc8 12. Na3 a6 13. h3 f5 14. exf6 Bxf6 15.
Bxh6 gxh6 16. Qd2 Bg7 17. Rac1 O-O 18. Bb1 Rxf3 19. gxf3 Ne5 20. Qe3 Rf8 21. f4
Ng6 22. f5 exf5 23. Nc2 f4 24. Qd3 Kh8 25. Nd4 Qd8 26. Ne6 Bxe6 27. Rxe6 Qg5+
28. Kh1 f3 29. Rg1 Qh5 30. Rg3 d4 31. cxd4 Rc8 32. Bc2 Rd8 33. Kh2 Rxd4 34. Re8+
Bf8 35. Qxd4+ Kg8 36. Bb3+ 1-0

[Event "European Blitz 2015"]
[Site "Minsk BLR"]
[Date "2015.12.18"]
[Round "7.44"]
[White "Jobava, Baadur"]
[Black "Savitski, Andrei"]
[Result "1-0"]
[WhiteTitle "GM"]
[WhiteElo "2673"]
[BlackElo "2149"]
[WhiteFideId "13601520"]
[BlackFideId "13506161"]
[EventDate "2015.12.18"]
[EventType "swiss (blitz)"]

1. d4 d5 2. Nc3 Nf6 3. Bf4 c6 4. e3 Bf5 5. f3 h5 6. Bd3 Bxd3 7. Qxd3 e6 8. Nge2
h4 9. O-O-O Nbd7 10. Kb1 Qb6 11. e4 Be7 12. e5 Nh5 13. Be3 g5 14. g4 hxg3 15.
hxg3 O-O-O 16. g4 Ng7 17. Nc1 c5 18. dxc5 Nxc5 19. Qd4 Qc6 20. Nb3 Nxb3 21. axb3
b6 22. Qd3 Kb7 23. Nb5 a6 24. Nd4 Qc7 25. f4 gxf4 26. Bxf4 Qd7 27. Nf3 Rdg8 28.
Rh7 Bd8 29. Rdh1 Rxh7 30. Rxh7 Ne8 31. g5 Rg7 32. Rh8 Nc7 33. Qd1 Nb5 34. Qh1
Na7 35. Qh6 Rg6 36. Qf8 1-0

[Event "European Blitz 2015"]
[Site "Minsk BLR"]
[Date "2015.12.18"]
[Round "7.45"]
[White "Bocharov, Dmitry"]
[Black "Kocheev, Aleksandr"]
[Result "1-0"]
[WhiteTitle "GM"]
[WhiteElo "2558"]
[BlackElo "2355"]
[WhiteFideId "4138716"]
[BlackFideId "13507842"]
[EventDate "2015.12.18"]
[EventType "swiss (blitz)"]

1. d4 d5 2. c4 dxc4 3. e4 e5 4. Nf3 exd4 5. Bxc4 Bb4+ 6. Nbd2 Nc6 7. O-O Nf6 8.
e5 Nd5 9. a3 Be7 10. Nb3 Nb6 11. Bb5 Bd7 12. Bxc6 bxc6 13. Qxd4 Be6 14. Qe3 Nc4
15. Qe2 c5 16. Rd1 Qb8 17. Nbd2 Nxd2 18. Bxd2 h6 19. Bc3 O-O 20. h3 Qb7 21. Nd2
Bd5 22. Qg4 Be6 23. Qg3 Rad8 24. Nf1 Qe4 25. Re1 Qh4 26. Qxh4 Bxh4 27. Ne3 g6
28. Rac1 Be7 29. Ng4 h5 30. Nf6+ Bxf6 31. exf6 c4 32. Re5 Rd7 33. Rce1 Rfd8 34.
Ra5 c6 35. Ree5 Rb7 36. f3 Rd5 37. Kf2 Rxe5 38. Rxe5 Rb5 39. Re4 Rd5 40. g4 Kf8
41. Re1 Ke8 42. Kg3 Kd7 43. Re3 hxg4 44. fxg4 Rd3 45. Rxd3+ cxd3 46. h4 Ke8 47.
Kf4 Kf8 48. h5 gxh5 49. gxh5 Kg8 50. Ke5 Kh7 51. Bd2 Bg4 52. h6 Kg6 53. Kd6 Kxf6
54. Kxc6 Bf5 55. Kb7 Ke5 56. Kxa7 Kd5 57. b3 Ke4 58. a4 Kf3 59. a5 Ke2 60. Bf4
Be4 61. Kb8 1-0

[Event "European Blitz 2015"]
[Site "Minsk BLR"]
[Date "2015.12.18"]
[Round "7.46"]
[White "Short, Nigel D"]
[Black "Vovk, Orest"]
[Result "1/2-1/2"]
[WhiteTitle "GM"]
[WhiteElo "2684"]
[BlackElo "2279"]
[WhiteFideId "400025"]
[BlackFideId "14113490"]
[EventDate "2015.12.18"]
[EventType "swiss (blitz)"]

1. e4 Nc6 2. Nf3 f5 3. exf5 d5 4. d4 Bxf5 5. Bb5 Qd6 6. Ne5 Nf6 7. O-O Nd7 8.
Bxc6 bxc6 9. Bf4 Nxe5 10. Bxe5 Qg6 11. Nd2 Bxc2 12. Qf3 e6 13. Rac1 Bd3 14. Rfd1
c5 15. dxc5 c6 16. Rc3 Bf5 17. Qe2 a5 18. Nb3 Qg4 19. f3 Qa4 20. Nd4 Kf7 21. g4
Bg6 22. Nxe6 Re8 23. Ng5+ Kg8 24. f4 Qxf4 25. Bxf4 Rxe2 26. Bd6 h6 27. Nf3 Kh7
28. Rd2 Re4 29. h3 Be7 30. Bxe7 Rxe7 31. Nd4 Be8 32. Rf3 Bd7 33. Kf2 Rb8 34. b3
Rb4 35. Kg3 a4 36. a3 Rb7 37. b4 Rb8 38. Re2 Rbe8 39. Rxe7 Rxe7 40. Kf2 Kg8 41.
Re3 Rf7+ 42. Ke2 Rf4 43. Kd3 h5 44. b5 cxb5 45. c6 Bxc6 46. Nxc6 hxg4 47. hxg4
Rxg4 48. Ne7+ Kf7 49. Nxd5 Rg1 50. Kd4 Rb1 51. Kc5 g5 52. Nb4 Rb3 53. Nc2 Rb2
54. Nd4 Kf6 55. Nxb5 Kf5 56. Nd4+ Kf4 57. Rf3+ Ke4 58. Rg3 Kf4 59. Rg1 g4 60.
Kc4 g3 61. Kc3 Rb8 62. Ne2+ Kf3 63. Rxg3+ Kxe2 64. Kc4 Kd2 65. Rg2+ Kc1 66. Rg3
Kb2 67. Rg2+ Kxa3 68. Kc3 Rc8+ 69. Kd2 Kb3 70. Rg7 Rd8+ 71. Kc1 a3 72. Rb7+ Ka2
73. Kc2 Rc8+ 74. Kd2 1/2-1/2

[Event "European Blitz 2015"]
[Site "Minsk BLR"]
[Date "2015.12.18"]
[Round "7.47"]
[White "Popov, Ivan RUS"]
[Black "Naboka, Sergey"]
[Result "0-1"]
[WhiteTitle "GM"]
[BlackTitle "FM"]
[WhiteElo "2650"]
[BlackElo "2266"]
[WhiteFideId "4170350"]
[BlackFideId "14123452"]
[EventDate "2015.12.18"]
[EventType "swiss (blitz)"]

1. e4 e6 2. d4 d5 3. Nc3 Nf6 4. Bg5 Be7 5. e5 Nfd7 6. h4 h6 7. Bxe7 Qxe7 8. f4
a6 9. Nf3 c5 10. Qd2 Nc6 11. dxc5 Qxc5 12. O-O-O Nb6 13. Kb1 Bd7 14. Bd3 Na5 15.
b3 Rc8 16. Ne2 Nac4 17. Bxc4 dxc4 18. Qd6 cxb3 19. cxb3 Qe3 20. Qd2 Qxd2 21.
Rxd2 Nd5 22. Nfd4 O-O 23. g3 Rfd8 24. Rc1 Bb5 25. Nxb5 axb5 26. Rxc8 Rxc8 27.
Rc2 Rd8 28. Rc5 b4 29. Kc1 b6 30. Rc2 h5 31. Rd2 Rc8+ 32. Kb2 Kh7 33. Rd3 Rd8
34. Nd4 Nc7 35. Kc2 Nd5 36. Nc6 Rc8 37. Kb2 Rxc6 38. f5 Rc3 39. Rd4 Rxg3 0-1

[Event "European Blitz 2015"]
[Site "Minsk BLR"]
[Date "2015.12.18"]
[Round "7.48"]
[White "Razin, Vadim"]
[Black "Nedilko, Vasily"]
[Result "1-0"]
[BlackTitle "IM"]
[WhiteElo "2345"]
[BlackElo "2397"]
[WhiteFideId "14119463"]
[BlackFideId "14101459"]
[EventDate "2015.12.18"]
[EventType "swiss (blitz)"]

1. d4 Nf6 2. Nf3 g6 3. Bg5 Bg7 4. Nbd2 O-O 5. e4 d6 6. c3 c5 7. dxc5 dxc5 8. Bc4
Nc6 9. h3 Qc7 10. O-O Na5 11. Be2 Rd8 12. Qc2 Be6 13. Rfe1 Rac8 14. Be3 h6 15.
Rad1 a6 16. Nb3 Nxb3 17. axb3 Nd7 18. Rd2 Ne5 19. Red1 Nxf3+ 20. Bxf3 g5 21.
Rxd8+ Rxd8 22. Rxd8+ Qxd8 23. Bxc5 Qc7 24. b4 b6 25. Be3 a5 26. bxa5 bxa5 27.
Qa4 Bf6 28. Qb5 Qe5 29. Qa4 Qc7 30. Be2 Qb7 31. Qa3 a4 32. Bd3 Bb3 33. Qc5 Qd7
34. Be2 Qb7 35. e5 Bg7 36. Bf3 Qb8 37. Qxe7 Qxe5 38. Qd8+ Kh7 39. Qd3+ Kg8 40.
Bd1 Bxd1 41. Qxd1 Qb5 42. Qc2 Qb3 43. Qxb3 axb3 44. Bd4 1-0

[Event "European Blitz 2015"]
[Site "Minsk BLR"]
[Date "2015.12.18"]
[Round "8.5"]
[White "Kovalev, Vladislav"]
[Black "Bortnyk, Olexandr"]
[Result "0-1"]
[WhiteTitle "GM"]
[BlackTitle "GM"]
[WhiteElo "2546"]
[BlackElo "2552"]
[WhiteFideId "13504398"]
[BlackFideId "14120828"]
[EventDate "2015.12.18"]
[EventType "swiss (blitz)"]

1. Nf3 d6 2. e4 Nf6 3. Nc3 e5 4. d4 Nbd7 5. Bc4 Be7 6. O-O O-O 7. a4 a5 8. Re1
c6 9. h3 h6 10. Be3 Qc7 11. Ba2 Re8 12. dxe5 dxe5 13. Nh4 Nf8 14. Qf3 Be6 15.
Nf5 Bxa2 16. Rxa2 Ne6 17. Raa1 Rad8 18. Rad1 Kh7 19. h4 Nd4 20. Nxd4 exd4 21.
Bxd4 Kg8 22. Be3 Qe5 23. Qf4 Qe6 24. Qc7 Rxd1 25. Rxd1 Ng4 26. Qf4 Bxh4 27. Bb6
Bf6 28. Qd6 Qxd6 29. Rxd6 Bxc3 30. bxc3 Rxe4 31. Rd1 Rxa4 32. f3 Nf6 33. Rd8+
Kh7 34. Bd4 Ra2 35. Rb8 b5 36. Rb6 a4 37. Rxc6 Rxc2 38. Ra6 Nd5 39. Ra7 Nxc3 40.
Bb6 Ne2+ 41. Kh2 Kg6 42. Ra5 Rb2 43. Ra6 f6 44. Bc5 Nf4 45. Kg3 Nxg2 46. Bf2 Nf4
47. Ra7 Ne2+ 48. Kh3 Nf4+ 49. Kg3 Nd3 50. Be3 h5 51. Rd7 Ne5 52. Ra7 Rb3 53. Kf2
a3 54. Bc5 Nd3+ 0-1

[Event "European Blitz 2015"]
[Site "Minsk BLR"]
[Date "2015.12.18"]
[Round "8.6"]
[White "Ponkratov, Pavel"]
[Black "Shtembuliak, Evgeny"]
[Result "1-0"]
[WhiteTitle "GM"]
[BlackTitle "FM"]
[WhiteElo "2604"]
[BlackElo "2420"]
[WhiteFideId "4157800"]
[BlackFideId "14113325"]
[EventDate "2015.12.18"]
[EventType "swiss (blitz)"]

1. e4 e6 2. d4 d5 3. Bd3 dxe4 4. Bxe4 Nf6 5. Bf3 Nc6 6. Ne2 e5 7. Bxc6+ bxc6 8.
dxe5 Qxd1+ 9. Kxd1 Ng4 10. Be3 Nxe3+ 11. fxe3 Bc5 12. Nd4 O-O 13. Nd2 Re8 14.
N2f3 Bg4 15. Nxc6 Re6 16. Nd4 Rxe5 17. Kd2 Bxf3 18. gxf3 Bxd4 19. exd4 Rd8 20.
c3 c5 21. Rae1 Red5 22. Re4 cxd4 23. c4 Ra5 24. a3 g6 25. Rhe1 Kg7 26. Re8 Rd6
27. Rc8 Rf6 28. Rf1 Rh5 29. Rf2 g5 30. Kd3 Rh3 31. Kxd4 g4 32. f4 1-0

[Event "European Blitz 2015"]
[Site "Minsk BLR"]
[Date "2015.12.18"]
[Round "8.7"]
[White "Zubov, Alexander"]
[Black "Sharafiev, Azat"]
[Result "0-1"]
[WhiteTitle "GM"]
[BlackTitle "IM"]
[WhiteElo "2601"]
[BlackElo "2420"]
[WhiteFideId "14109409"]
[BlackFideId "4186214"]
[EventDate "2015.12.18"]
[EventType "swiss (blitz)"]

1. d4 e6 2. c4 b6 3. Nf3 Bb7 4. Nc3 f5 5. g3 Nf6 6. Bg2 Bb4 7. Bd2 O-O 8. O-O d6
9. d5 Bxc3 10. Bxc3 exd5 11. Nd4 Qd7 12. Qc2 Ne4 13. cxd5 Bxd5 14. Rad1 Nxc3 15.
Qxc3 Bxg2 16. Kxg2 c5 17. Qb3+ d5 18. Nc2 Nc6 19. Qxd5+ Qxd5+ 20. Rxd5 Rad8 21.
Rfd1 g6 22. Ne3 Rxd5 23. Nxd5 Rd8 24. f3 Kf7 25. e4 Nb4 26. a4 Nxd5 27. exd5 Ke7
28. Kh3 Kd6 29. g4 fxg4+ 30. Kxg4 Rf8 31. Re1 Rf7 32. h4 Kxd5 33. Re4 a6 34. b3
b5 35. axb5 axb5 36. Kg3 c4 37. bxc4+ bxc4 38. Kf2 c3 39. Ke2 Rc7 40. Kd1 Rc4
41. Re3 Kd4 42. Re7 h5 43. Re6 Kd3 44. Rd6+ Rd4 45. Rxg6 Rxh4 46. Rd6+ Rd4 47.
Re6 h4 48. Kc1 Rf4 49. Rd6+ Ke2 50. Re6+ Kf2 51. Rh6 Kg3 52. Rg6+ Kxf3 53. Kc2
Rc4 54. Rf6+ Kg3 55. Rg6+ Kh2 56. Rg8 h3 57. Rg7 Rc8 58. Rg6 Kh1 59. Rg7 h2 60.
Rg6 Re8 61. Kxc3 Re2 62. Kd3 Rg2 63. Ra6 Kg1 64. Ra1+ Kf2 65. Kd4 0-1

[Event "European Blitz 2015"]
[Site "Minsk BLR"]
[Date "2015.12.18"]
[Round "8.8"]
[White "Movsesian, Sergei"]
[Black "Stupak, Kirill"]
[Result "1/2-1/2"]
[WhiteTitle "GM"]
[BlackTitle "GM"]
[WhiteElo "2659"]
[BlackElo "2542"]
[WhiteFideId "310204"]
[BlackFideId "13503758"]
[EventDate "2015.12.18"]
[EventType "swiss (blitz)"]

1. e4 c6 2. d4 d5 3. e5 Bf5 4. Nd2 e6 5. Nb3 Nd7 6. Be3 h6 7. Be2 Ne7 8. Nf3 Bh7
9. O-O Nf5 10. Bd2 a6 11. c4 dxc4 12. Na5 Qc7 13. Nxc4 Be7 14. Rc1 O-O 15. g4
Nh4 16. Nxh4 Bxh4 17. Bb4 Rfe8 18. Bd6 Qc8 19. Bf3 Bg5 20. Rc3 Bd8 21. Qb3 Bc7
22. Rfc1 Rb8 23. Ba3 Nf8 24. Nd6 Bxd6 25. Bxd6 Ra8 26. Kg2 Ng6 27. Kg3 Qd8 28.
Qxb7 Qh4+ 29. Kg2 Nf4+ 30. Kh1 Nd3 31. Rxd3 Bxd3 32. Kg1 Qg5 33. Rc3 Qd2 34. Kg2
Bb5 35. a4 Bxa4 36. Qb4 Bb5 37. Be4 a5 38. Qc5 Qxb2 39. g5 hxg5 40. Rh3 g6 41.
Be7 Rxe7 42. Qxe7 Qxd4 43. Bxg6 Qd5+ 44. Rf3 fxg6 45. Qf7+ Kh8 46. Qxg6 Be2 47.
Qh6+ Kg8 1/2-1/2

[Event "European Blitz 2015"]
[Site "Minsk BLR"]
[Date "2015.12.18"]
[Round "8.11"]
[White "Grachev, Boris"]
[Black "Polivanov, Anatoliy"]
[Result "1/2-1/2"]
[WhiteTitle "GM"]
[BlackTitle "IM"]
[WhiteElo "2652"]
[BlackElo "2426"]
[WhiteFideId "4129199"]
[BlackFideId "14109468"]
[EventDate "2015.12.18"]
[EventType "swiss (blitz)"]

1. d4 g6 2. Nf3 Bg7 3. Bf4 d6 4. e3 Nd7 5. h3 e5 6. Bh2 Nh6 7. Be2 O-O 8. O-O
Nf5 9. c3 e4 10. Nfd2 d5 11. b4 a5 12. b5 c5 13. bxc6 bxc6 14. Na3 Nh4 15. c4 c5
16. Nb5 cxd4 17. Nxd4 Nc5 18. cxd5 Qxd5 19. Nc4 Nd3 20. Nb6 Qg5 21. Bg4 h5 22.
Bf4 Nxf4 23. exf4 Qxf4 24. Bxc8 Raxc8 25. Ne2 Qg5 26. Ng3 Rcd8 27. Qc1 Qf6 28.
Rb1 Rfe8 29. Qc4 Qf4 30. Nd5 Qe5 31. Ne3 Rd3 32. Rb5 Qe7 33. Nd5 Qd6 34. Nxe4
Qa3 35. Nef6+ Kh8 36. Nxe8 Rxh3 37. Rb3 Rxb3 38. axb3 Qe7 39. Nec7 Be5 40. g3
Nf3+ 41. Kg2 Nd2 42. Qd3 Nxf1 43. Kxf1 Bxc7 44. Qc3+ Be5 45. Qxa5 Qd6 46. Qb5
Kg7 47. Qc4 Qe6 48. Kg2 Bd6 49. Qd4+ Be5 50. Qd3 Qg4 51. Ne3 Qe6 52. Nc4 Bf6 53.
Qf3 h4 54. gxh4 Bxh4 55. Nd2 Be7 56. Ne4 f5 57. Qc3+ Kg8 58. Nd2 Qd5+ 59. Kg1
Kh7 60. Nf3 Bf6 61. Qxf6 Qxf3 62. Qe7+ Kh6 63. Qe3+ Qxe3 64. fxe3 Kg7 65. Kf2
Kf6 66. b4 Ke5 67. Kf3 g5 68. b5 Kd5 69. e4+ fxe4+ 70. Ke3 Kc5 71. Kxe4 Kxb5 72.
Kf5 Kc5 73. Kxg5 1/2-1/2

[Event "European Blitz 2015"]
[Site "Minsk BLR"]
[Date "2015.12.18"]
[Round "8.13"]
[White "Matinian, Nikita"]
[Black "Belous, Vladimir"]
[Result "1-0"]
[WhiteTitle "IM"]
[BlackTitle "GM"]
[WhiteElo "2470"]
[BlackElo "2557"]
[WhiteFideId "24129100"]
[BlackFideId "4174003"]
[EventDate "2015.12.18"]
[EventType "swiss (blitz)"]

1. e4 c5 2. Nf3 e6 3. d4 cxd4 4. Nxd4 Nc6 5. Nc3 a6 6. Nxc6 bxc6 7. Bd3 d5 8.
O-O Nf6 9. e5 Nd7 10. Re1 Rb8 11. Qg4 Rb4 12. Qg3 h5 13. a3 Rb8 14. Bg5 Qc7 15.
b4 c5 16. Nxd5 exd5 17. e6 Qxg3 18. exd7+ Kxd7 19. hxg3 c4 20. Bf5+ Kc6 21. Re8
Bxf5 22. Rxb8 Bxc2 23. a4 Be7 24. b5+ axb5 25. axb5+ Kc5 26. Bxe7+ 1-0

[Event "European Blitz 2015"]
[Site "Minsk BLR"]
[Date "2015.12.18"]
[Round "8.14"]
[White "Inarkiev, Ernesto"]
[Black "Faizrakhmanov, Ramil"]
[Result "1/2-1/2"]
[WhiteTitle "GM"]
[BlackTitle "FM"]
[WhiteElo "2668"]
[BlackElo "2426"]
[WhiteFideId "4162722"]
[BlackFideId "24103209"]
[EventDate "2015.12.18"]
[EventType "swiss (blitz)"]

1. d4 Nf6 2. c4 g6 3. g3 Bg7 4. Bg2 d5 5. cxd5 Nxd5 6. e4 Nb6 7. Ne2 O-O 8. O-O
Na6 9. a4 c5 10. a5 Nc4 11. Qa4 b5 12. axb6 Nxb6 13. Qb5 Nc7 14. Qxc5 Ne6 15.
Qb4 Nxd4 16. Nxd4 Qxd4 17. Qxe7 Be6 18. Nc3 Nc4 19. Rd1 Qb6 20. Nd5 Bxd5 21.
exd5 Bd4 22. Qe2 Rac8 23. Ra4 Qb3 24. Rxd4 Qxa4 25. Bf1 Rfe8 26. Rxc4 Qxc4 27.
Qxc4 Rxc4 28. Bxc4 Re1+ 29. Kg2 Rxc1 30. b3 a5 31. Bb5 Rc3 32. d6 Kf8 33. Ba4
Rd3 34. d7 Ke7 35. Kf1 Rd2 36. Kg2 f5 37. Kf3 Rd4 38. Ke3 Rd1 39. h4 h6 40. f3
Rg1 41. Kf4 Re1 42. h5 gxh5 43. Kxf5 Rg1 44. Kf4 Rg2 45. Bb5 Rd2 46. Ba4 Rd3 47.
Ke4 Rc3 48. Kf4 Rc5 49. Ke4 Kd8 50. Kf4 Rg5 51. Bc6 Kc7 52. Ba4 Rg6 53. Bb5 Rg7
54. Ba4 Rg5 55. Bc6 Rg8 56. Ba4 Rb8 57. Ke3 Rb4 58. Kf2 h4 59. Kg2 hxg3 60. Kxg3
Rd4 61. Bb5 h5 62. f4 Kd8 63. Ba4 Ke7 64. Kh4 Rxf4+ 65. Kxh5 Rd4 66. Kg5 Rxd7
67. Bxd7 Kxd7 68. Kf4 Kc6 69. Ke3 Kb5 1/2-1/2

[Event "European Blitz 2015"]
[Site "Minsk BLR"]
[Date "2015.12.18"]
[Round "8.15"]
[White "Potapov, Pavel"]
[Black "Smirin, Ilia"]
[Result "1/2-1/2"]
[WhiteTitle "IM"]
[BlackTitle "GM"]
[WhiteElo "2476"]
[BlackElo "2658"]
[WhiteFideId "4169786"]
[BlackFideId "2801990"]
[EventDate "2015.12.18"]
[EventType "swiss (blitz)"]

1. d4 Nf6 2. c4 d6 3. Nf3 g6 4. Nc3 Bf5 5. h3 Bg7 6. g4 Bd7 7. e4 c5 8. dxc5 Qa5
9. Bd2 Qxc5 10. Be3 Qa5 11. Nd2 Nc6 12. Bg2 O-O 13. O-O Rfc8 14. Qe2 Ne8 15.
Rfc1 Nc7 16. c5 dxc5 17. Nb3 Qa6 18. Nxc5 Qxe2 19. Nxe2 Be8 20. Rab1 b6 21. Nb3
e5 22. Nc3 Nb4 23. Nd5 Ncxd5 24. exd5 Bf8 25. a3 Na6 26. d6 Rxc1+ 27. Rxc1 Rd8
28. Bg5 Rb8 29. Be7 Ba4 30. Bf1 Bxb3 31. Bxa6 Be6 32. Rc7 Kg7 33. Bxf8+ Rxf8 34.
d7 Rd8 35. Bb5 a5 36. Rb7 Kf6 37. Rxb6 Ke7 38. Ra6 Rb8 39. a4 Bxd7 40. Ra7 Rd8
41. Rxa5 Bxb5 42. Rxb5 Ke6 43. a5 Rd1+ 44. Kg2 e4 45. a6 Ra1 46. Rb6+ Ke5 47. b4
f5 48. gxf5 gxf5 49. b5 Ra2 50. Rb7 f4 51. Re7+ Kf5 52. Rf7+ Ke5 53. Re7+ Kf5
54. Rf7+ Ke5 55. Re7+ Kf5 1/2-1/2

[Event "European Blitz 2015"]
[Site "Minsk BLR"]
[Date "2015.12.18"]
[Round "8.16"]
[White "Sychev, Klementy"]
[Black "Kovalenko, Igor"]
[Result "1/2-1/2"]
[WhiteTitle "IM"]
[BlackTitle "GM"]
[WhiteElo "2415"]
[BlackElo "2680"]
[WhiteFideId "4114060"]
[BlackFideId "14117908"]
[EventDate "2015.12.18"]
[EventType "swiss (blitz)"]

1. d4 d5 2. c4 e6 3. Nf3 Nf6 4. Nc3 c6 5. Bg5 Nbd7 6. e3 h6 7. Bh4 Be7 8. Qc2
O-O 9. Bd3 dxc4 10. Bxc4 b5 11. Bd3 Bb7 12. O-O c5 13. dxc5 Bxf3 14. gxf3 Nxc5
15. Bxb5 Rb8 16. Bg3 Rb6 17. Rfd1 Qa8 18. Be2 Qb7 19. Rab1 Rc8 20. Rd2 Nh5 21.
Na4 Nxg3 22. hxg3 Nxa4 23. Qxa4 Rb4 24. Qd7 Rb8 25. b3 Bf6 26. Qxb7 R4xb7 27.
Rc1 a5 28. Rc4 g6 29. f4 h5 30. Bf3 Ra7 31. Bc6 Rc7 32. Bb5 Rcb7 33. Ba4 Kg7 34.
Kg2 Ra7 35. Kf3 Be7 36. e4 Bb4 37. Rd3 Kf8 38. e5 Kg7 39. Ke4 Rh8 40. Rd7 Rxd7
41. Bxd7 h4 42. gxh4 Rxh4 43. Kf3 Rh8 44. Bc6 Rd8 45. Be4 Rd2 46. a4 Rd7 47. Rc2
Rd8 48. Ke2 Rd4 49. Kf3 Kf8 50. Rc8+ Kg7 51. Rc2 Rd1 52. Ke2 Rg1 53. Bd3 Re1+
54. Kf3 Rg1 55. Bc4 Rh1 56. Kg2 Rh5 57. Kf3 Kg8 58. Ke4 Rh4 59. Kf3 Bf8 60. Re2
Bh6 61. Re4 Kg7 62. Kg3 Rh1 63. Kg2 Rc1 64. Rd4 Rc3 65. Re4 Rc2 66. Rd4 Kf8 67.
Rd8+ Ke7 68. Rd4 Rb2 69. Kf3 Kf8 70. Rd8+ Ke7 1/2-1/2